Zastępcze (tymczasowe) linie tramwajowe w Poznaniu - Statystyki

Ogólne statystyki
  • Ten quiz został rozwiązany 31 razy
  • Średni wynik to 13 z 16
Statystyki odpowiedzi
Obrazkowy Hint Odpowiedź % Poprawnych
Remont zadaszenia pętli Junikowo - 2024 91
91%
Projekt Centrum - sierpień 2022 99
91%
Remont Mostu Dworcowego i rozjazdów na Rondzie Starołęka - wakacje 2024 92
86%
Remont Mostu Dworcowego i rozjazdów na Rondzie Starołęka - wakacje 2024 93
86%
Remont Mostu Dworcowego i rozjazdów na Rondzie Starołęka - wakacje 2024 97
86%
Remont skrzyżowania Hetmańska/Kolejowa - kwiecień/maj 2024 97
86%
Projekt Centrum - 2022-2023 98
86%
Projekt Centrum - wrzesień-grudzień 2023 99
86%
Jednoczesny remont Rynku Wildeckiego i ul. Dąbrowskiego oraz Projekt Centrum - czerwiec 2022 92
82%
Wyburzanie kamienicy na Roosevelta - wrzesień 2024 93
82%
Finalizacja Projektu Centrum - 2 i 3 grudnia 2023 93
82%
Projekt Centrum - sierpień 2022 95
82%
Remont Trasy PST i Projekt Centrum - sierpień 2022 96
82%
Remont Trasy PST i Projekt Centrum - sierpień 2022 93
77%
Budowa tymczasowego łuku na Placu Wiosny Ludów - marzec/kwiecień 2021 96
77%
Finalizacja Projektu Centrum - grudzień 2023 96
77%
Nie znaleziono quizów pasujących do podanych kryteriów
Rozkład punktacji
Procent ludzi z każdym wynikiem
Percentyl według liczby udzielonych odpowiedzi
Twoja historia wyników
Nie rozwiązałeś tego quizu